00544nam a2200145Ia 4500008004100000245016500041260001700206260000900223300000900232650002300241650001200264856003000276999001900306952007300325170516s9999 xx 000 0 und d 2aA New Concept of Enhancing Immuno-Chemotherapeutic Effects Against B16F10 Tumor via Systemic Administration by Taking Advantages of the Limitation of EPR Effect bTheranostics c2016 a6:12 xMedical Technology xMedtech uhttp://www.thno.org/v6i12 c329922d329922 001040aCLbCLd2017-05-16l0r2017-05-16 00:00:00w2017-05-16yFOJ